Normal view
MARC view
- الاخلاق الرياضية
Entry Topical Term
001 - CONTROL NUMBER
- control field: 35135
003 - CONTROL NUMBER IDENTIFIER
- control field: JO-AjAnu
005 - DATE AND TIME OF LATEST TRANSACTION
- control field: 20230606075858.0
008 - FIXED-LENGTH DATA ELEMENTS
- fixed length control field: 230606|| aca||aabn | a|a d
040 ## - CATALOGING SOURCE
- Original cataloging agency: JO-AjAnu
- Transcribing agency: JO-AjAnu
150 ## - HEADING--TOPICAL TERM
- Topical term or geographic name entry element: الاخلاق الرياضية
670 ## - SOURCE DATA FOUND
- Source citation: Work cat.: (JO-AjAnu)18042: تحرير ميللر، نوربرت؛ ترجمة الخولي، أمين, author 35134, اللعب النظيف للجميع: اللجنة الدولية للعب النظيف CIFP مع نص الاعلان الدولي للعب النظيف